Letras apostólicas en forma de breve de nuestro santísimo señor Pio Papa IX para el réjimen de los colejios de misiones de la orden de menores de San Francisco, existentes en América, traducidas por el M.R.P. Ex Comisario Jeneral Fr. Isaías Nardocci, misionero apostólico del colejio de Jesús de Castro en Chiloé

Guardat en:
Dades bibliogràfiques
Autor principal: Pio Papa IX (Autor)
Format: Llibre
Idioma:espanyol
Publicat: Valparaíso Imprenta del Mercurio 1879
Edició:1a. ed
Matèries:
Etiquetes: Afegir etiqueta
Sense etiquetes, Sigues el primer a etiquetar aquest registre!

MARC

LEADER 00000nam a2200000 a 4500
001 UCJ6134
003 CL-VaPUC
008 070124e18790000CL |||||||||||||||||spa|d
082 0 4 |a 282  |b PIO  |2 21 
100 0 |a Pio Papa IX  |e author  |9 512436 
245 1 0 |a Letras apostólicas en forma de breve de nuestro santísimo señor Pio Papa IX para el réjimen de los colejios de misiones de la orden de menores de San Francisco, existentes en América, traducidas por el M.R.P. Ex Comisario Jeneral Fr. Isaías Nardocci, misionero apostólico del colejio de Jesús de Castro en Chiloé 
250 |a 1a. ed 
300 |a 67 p 
942 |c BK 
945 |d 20070124 00:00:00  |a rinostro 
260 |a Valparaíso  |b Imprenta del Mercurio  |c 1879 
500 |a Advierte errata 
650 0 |a Misioneros  |9 324171 
650 0 |a Franciscanos   |9 267404 
650 0 |a Constituciones  |9 255417 
651 0 |a Chiloé  |9 265209 
583 |a last modification  |c 20070124 00:00:00  |k Rodrigo Vera 
999 |c 322242  |d 322240 
952 |0 0  |1 0  |4 0  |6 282_000000000000000_PIO_1879  |7 0  |8 X  |9 401188  |a FDOBUD  |b FDOBUD  |d 2019-11-22  |i 1044176  |o 282 PIO 1879  |p 1044176  |r 2019-11-22  |w 2019-11-22  |y BK_X  |k BUD